MARC

LEADER 00000nas a2200000 a 4500
001 ssj0014555
003 WaSeSS
005 20200512172242.0
006 m d
007 cr n
008 760620d19742018dcumr p s lw 0 a0eng c
010 |a  78646601   |z sc 78000252  
016 7 |a 9880457  |2 DNLM 
016 7 |a P25195000  |2 DNLM 
022 |l 0145-7659  |y 0145-7659 
032 |a 116570  |b USPS 
035 |a (WaSeSS)ssj0014555 
040 |a MUL  |b eng  |c MUL  |d NSD  |d DLC  |d NSD  |d DLC  |d NSD  |d DLC  |d NST  |d NSD  |d NST  |d DLC  |d NST  |d OCL  |d NST  |d DLC  |d NST  |d HUL  |d NST  |d NSD  |d NST  |d SYS  |d OCLCQ  |d NLM  |d OCLCQ  |d OCLCF  |d OCLCO  |d CLU  |d CUY  |d YLS  |d WaSeSS 
042 |a pcc  |a nsdp 
043 |a n-us--- 
050 0 0 |a KF1262.A15  |b P68 
082 0 4 |a 342.73/0858/05  |a 347.30285805  |2 19 
210 0 |a Priv. j. 
222 0 |a Privacy journal 
245 0 0 |a Privacy journal  |h [electronic resource]. 
260 |a Washington, D.C. :  |b R.E. Smith 
310 |a Monthly 
362 0 |a [Vol. 1, no. 1] (Nov. 1974)- 
362 1 |a Ceased with Vol. 44, no. 9 (July 2018). 
500 |a Title from caption. 
506 |a License restrictions may limit access. 
515 |a Issues for Nov.-Dec. 1974 lack numbering but constitute v. 1, no. 1-2. 
588 |a Latest issue consulted: Vol. 44, no. 9 (July 2018). 
650 0 |a Privacy, Right of  |z United States  |v Periodicals. 
650 0 |a Computers  |x Law and legislation  |z United States  |v Periodicals. 
650 0 |a Privacy, Right of  |v Periodicals. 
650 0 |a Computers  |x Law and legislation  |v Periodicals. 
650 7 |a Computers  |x Law and legislation.  |2 fast  |0 (OCoLC)fst00872821 
650 7 |a Privacy, Right of.  |2 fast  |0 (OCoLC)fst01077444 
651 7 |a United States.  |2 fast  |0 (OCoLC)fst01204155 
655 0 |a Electronic journals. 
700 1 |a Smith, Robert Ellis. 
850 |a AU  |a C  |a CLU-L  |a CSt  |a CU-S  |a CU-SB  |a CaOOS  |a CaOWtU  |a CaSSU  |a CtY-L  |a DLC  |a DeU  |a FU  |a IaU-L  |a KU  |a KU-S  |a MCM  |a MH-L  |a N  |a NBC  |a NN  |a NNC-L  |a PPiU  |a PU  |a RPB  |a TxU  |a ViBlbV  |a ViU  |a VtU  |a WvU  |a NNU-L 
853 2 0 |8 1  |a v.  |b no.  |u 12  |v r  |i (year/year)  |j (month)  |w m  |x 11 
856 4 0 |z Full text available from Research Library: 01/01/1998 to present  |u https://search.proquest.com/publication/47678 
863 4 0 |8 1  |a <1>-  |i <1974/1975>-  |x provisional